00800nam a22002177a 4500003000500000005001700005008004100022010000900063011000900072035000900081040000900090100002800099245019900127260004200326300003900368502007000407650002400477650002800501650001500529650003800544CHAP20230315101031.0971013s1992 r 00010 d a8468 a9440 a8675 cCHAP10aPérez Moreno, Jesús aAspectos ecológicos; aislamiento de cepas. Síntesis de micorriza y pruebas "in vitro" contra patógenos de diversos hongos ectomicorrízicos del Parque Nacional Zoquiapan, Edo. de México aMontecillo, Méx. :bEl autor,c1992 a115 h.b: ilus. ; gráfs. ; anexo aTesis (M. C. Esp. en Edafología) -- C.P. Centro de Edafología14aHongos comestibles.14aHongos fitopatógenos.14aMicorriza.14aParque Nacional Zoquiapan, Méx.